| 000 | 01740nam a22002537a 4500 | ||
|---|---|---|---|
| 001 | 36137 | ||
| 003 | UA-OsUOA | ||
| 005 | 20260330122519.0 | ||
| 007 | ta | ||
| 008 | 20060706b un ||un |||| 0| 0 ukr0dukr d | ||
| 040 |
_aUA-OsUOA _bukr _cUA-OsUOA _dUA-OsUOA |
||
| 041 | _aukr | ||
| 080 | _a082 | ||
| 090 |
_a082 _bЗ-32 |
||
| 245 |
_aЗаписки Львівської наукової бібліотеки ім. В. Стефаника _bзбірник наукових праць _cвідпов. ред. Л. І. Крушельницька _nвип. 2 |
||
| 260 |
_aК. _bНаукова думка _c1993 |
||
| 300 | _a128 с. | ||
| 520 | _aУ другому випуску "Записок" розкривається зміст колекцій рідкісних видань, рукописних книг, карт, фотографій із фондів бібліотеки, висвітлюються питання книгознавства та бібліотекознавства, публікуються матеріали організованої бібліотекою наукової конференції, присвяченої 120-річчю від дня народження Василя Щурата та Стефаниківських читань. Для науковців, викладачів і студентів гуманітарних вузів, бібліотечних працівників. | ||
| 650 | 7 |
_a08 Видання. Колективні праці _2UDC _92615 |
|
| 700 | 1 |
_aКрушельницька Л. І. _924432 |
|
| 942 |
_cBK _2udc |
||
| 955 | _a1 | ||
| 999 |
_c434668 _d434668 |
||